Loading...
| Fine Arts - Classical Music | 5 | 8.00 | 1,280% | 160% | 140% |
| Fine Arts - Other | 5 | 12.00 | 0% | 520% | 300% |
| Fine Arts - Painting & Sculpture | 4 | 17.50 | 1,000% | 325% | 525% |
| History - American | 3 | 13.33 | 1,200% | 0% | 700% |
| History - European | 2 | 5.00 | 0% | 0% | 400% |
| History - Other | 6 | 13.33 | 667% | 533% | 167% |
| History - World | 3 | 16.67 | 2,700% | 567% | 567% |
| Literature - American | 6 | 13.33 | 3,583% | 33% | 317% |
| Literature - British | 4 | 12.50 | 1,325% | 350% | 175% |
| Literature - European | 7 | 11.43 | 1,829% | 243% | 343% |
| Literature - World | 6 | 13.33 | 1,483% | 100% | 483% |
| Mythology | 7 | 14.29 | 2,986% | 243% | 443% |
| Other | 4 | 10.00 | 0% | 200% | 525% |
| Philosophy | 5 | 10.00 | 0% | 300% | 300% |
| Religion | 3 | 13.33 | 2,700% | 567% | 267% |
| Science - Biology | 3 | 16.67 | 2,833% | 400% | 200% |
| Science - Chemistry | 4 | 15.00 | 1,600% | 350% | 600% |
| Science - Other | 3 | 10.00 | 1,200% | 267% | 267% |
| Science - Physics | 7 | 18.57 | 3,929% | 429% | 571% |
| Social Science | 7 | 11.43 | 2,586% | 471% | 114% |